| 000 | 00378nam a22001337a 4500 | ||
|---|---|---|---|
| 040 | _cNUST | ||
| 082 | _a200 THE | ||
| 100 |
_aAnsa Nawaz _995930 |
||
| 110 |
_aSupervisor Dr. Taosif Iqbal _995931 |
||
| 245 | _aTH-SOF-2017-Coupled Inductor Boost Converter to Achieve High Gain | ||
| 260 |
_aISLAMABAD: _bNUST COLLEGE OF EME, _c2022. |
||
| 650 | _aMS-ELECT-19 | ||
| 942 |
_2ddc _cTHE |
||
| 999 |
_c590697 _d590697 |
||